Statistics for Dog breeds that have won Crufts

Click here to take the quiz!

General Stats

  • This quiz has been taken 222 times
    (149 since last reset)
  • The average score is 33 of 90

Answer Stats

YearGroupAnswerName% Correct
1985UtilityPoodle (Standard)Montravia Tommy-Gun
85%
1955UtilityPoodle (Standard)Tzigane Affri of Nashend
85%
2014UtilityPoodle (Standard)Afterglow Maverick Sabre
85%
2002UtilityPoodle (Standard)Topscore Contradiction
85%
1933GundogLabrador RetrieverBramshaw Bob
81%
1937GundogLabrador RetrieverCheveralla Ben of Banchory
81%
1932GundogLabrador RetrieverBramshaw Bob
81%
1969PastoralGerman Shepherd DogHendrawen's Nibelung of Charavigne
69%
1965PastoralGerman Shepherd DogFenton of Kentwood
69%
1971PastoralGerman Shepherd DogRamacon Swashbuckler
69%
1997ToyYorkshire TerrierOzmilion Mystification
63%
1996GundogEnglish Cocker SpanielCanigou Cambrai
56%
1950GundogEnglish Cocker SpanielTracey Witch of Ware
56%
1948GundogEnglish Cocker SpanielTracey Witch of Ware
56%
1938GundogEnglish Cocker SpanielExquisite Model of Ware
56%
1939GundogEnglish Cocker SpanielExquisite Model of Ware
56%
1931GundogEnglish Cocker SpanielLuckystar of Ware
56%
1930GundogEnglish Cocker SpanielLuckystar of Ware
56%
1934HoundGreyhoundSouthball Moonstone
55%
1928HoundGreyhoundPrimeley Sceptre
55%
1914HoundGreyhoundSt Blaise
55%
1910HoundGreyhoundBroadwater Banker
55%
1956HoundGreyhoundTreetops Golden Falcon
55%
1929TerrierScottish TerrierHeather Necessity
52%
2015TerrierScottish TerrierMcVan's To Russia With Love
52%
1952UtilityBulldogNoways Chuckles
50%
1968UtilityDalmatianFanhill Faune
48%
1990TerrierWest Highland White TerrierOlac Moon Pilot
48%
1976TerrierWest Highland White TerrierDianthus Buttons
48%
2016TerrierWest Highland White TerrierBurneze Geordie Girl
48%
1981GundogIrish SetterAstley Portia of Rua
47%
1995GundogIrish SetterStarchelle Chicago Bear
47%
1993GundogIrish SetterDanaway Debonair
47%
1999GundogIrish SetterCaspians Intrepid
47%
1906PastoralScotch CollieWishaw Leader
47%
1987HoundAfghan HoundViscount Grant
42%
1983HoundAfghan HoundMontravia Kaskarak Hitari
42%
1953WorkingGreat DaneElch Elder of Ouborough
40%
1992HoundWhippetPencloe Dutch Gold
40%
2004HoundWhippetCobyco Call the Tune
40%
1907ToyPomeranianThe Sable Mite
39%
1905ToyPomeranianThe Sable Mite
39%
1973ToyCavalier King Charles SpanielAlansmere Aquarius
35%
1913ToyPekingeseChoo-tai of Egham
35%
2003ToyPekingeseYakee A Dangerous Liaison
35%
1960HoundIrish WolfhoundSulhamstead Merman
31%
2008WorkingGiant SchnauzerJafrak Philippe Olivier
27%
1974WorkingSt BernardBurtonswood Bossy Boots
27%
1912WorkingSt BernardThe Pride of Sussex
27%
2006PastoralAustralian ShepherdCaitland Isle Take a Chance
26%
2005TerrierNorfolk TerrierCracknor Cause Celebre
26%
1935GundogPointerPennine Prima Donna
26%
1958GundogPointerChiming Bells
26%
1936UtilityChow ChowChoonam Hung Kwong
24%
1972TerrierEnglish Bull TerrierAbraxas Audacity
24%
1988GundogEnglish SetterStarlite Express at Valsett
23%
1964GundogEnglish SetterSilbury Soames of Madavale
23%
1977GundogEnglish SetterBournehouse Dancing Master
23%
1982UtilityPoodle (Toy)Grayco Hazelnut
23%
1966UtilityPoodle (Toy)Oakington Puckshill Amber Sunblush
23%
1998TerrierWelsh TerrierSaredon Forever Young
23%
1959TerrierWelsh TerrierSandstorm Saracen
23%
1951TerrierWelsh TerrierTwynstar Dyma-Fi
23%
1994TerrierWelsh TerrierPurston Hit and Miss From Brocolitia
23%
1986TerrierAiredale TerrierGinger Xmas Carol
21%
1961TerrierAiredale TerrierRiverina Tweedsbairn
21%
1908WorkingNewfoundlandShelton Viking
21%
2010GundogHungarian VizslaHungargunn Bear It'n Mind
18%
1980GundogRetriever (Flat Coated)Shargleam Blackcap
18%
2011GundogRetriever (Flat-Coated)Vbos the Kentuckian
18%
2017GundogAmerican Cocker SpanielAfterglow Miami Ink
16%
1991GundogClumber SpanielRaycrofts Socialite
15%
1979TerrierKerry Blue TerrierCallaghan of Leander
15%
2000TerrierKerry Blue TerrierTorums Scarf Michael
15%
1984UtilityLhasa ApsoSaxonsprings Hackensack
15%
2012UtilityLhasa ApsoZentarr Elizabeth
15%
1911TerrierWire Fox TerrierCollarbone of Notts
15%
1962TerrierWire Fox TerrierCrackwyn Cockspur
15%
1978TerrierWire Fox TerrierHarrowhill Huntsman
15%
1975TerrierWire Fox TerrierBrookewire Brandy of Layven
15%
2001HoundBasenjiJethard Cidevant
11%
1963TerrierLakeland TerrierRogerholm Recruit
11%
1967TerrierLakeland TerrierStingray of Derryabah
11%
2009TerrierSealyham TerrierEfbe's Hidalgo at Goodspice
11%
1989PastoralBearded ColliePotterdale Classic of Moonhill
10%
1970WorkingPyrenean Mountain DogBergerie Knur
10%
2007UtilityTibetan TerrierAraki Fabulous Willy
10%
1957UtilityKeeshondVolkrijk of Vorden
8%
2013HoundPetit Basset Griffon VendeenSoletrader Peek a Boo
8%
1909GundogField SpanielClareholm Dora
3%

Score Distribution

Percentile by Number Answered

Percent of People with Each Score

Your Score History

You have not taken this quiz since the last reset